Welcome to CU Library Online Public Access Catalogue (OPAC)

Alternative medicines, popular and policy perspectives / (Record no. 2777)

MARC details
000 -LEADER
fixed length control field 00784cam a2200241 a 4500
001 - CONTROL NUMBER
control field 479711
005 - DATE AND TIME OF LATEST TRANSACTION
control field 20250122114021.0
008 - FIXED-LENGTH DATA ELEMENTS--GENERAL INFORMATION
fixed length control field 840828s1984 nyu b 001 0 eng
020 ## - INTERNATIONAL STANDARD BOOK NUMBER
International Standard Book Number 9780422787109
020 ## - INTERNATIONAL STANDARD BOOK NUMBER
International Standard Book Number 0422787108 (pbk.)
050 00 - LIBRARY OF CONGRESS CALL NUMBER
Classification number R733
Item number .A48 1984
082 00 - DEWEY DECIMAL CLASSIFICATION NUMBER
Classification number 615.5
Edition information 19
245 00 - TITLE STATEMENT
Title Alternative medicines, popular and policy perspectives /
Statement of responsibility, etc. edited by J. Warren Salmon.
260 ## - PUBLICATION, DISTRIBUTION, ETC.
Place of publication, distribution, etc. New York :
Name of publisher, distributor, etc. Tavistock Publications,
Date of publication, distribution, etc. 1984.
300 ## - PHYSICAL DESCRIPTION
Extent x, 302 p. ;
Dimensions 23 cm.
440 #0 - SERIES STATEMENT/ADDED ENTRY--TITLE
Title Contemporary issues in health, medicine, and social policy
650 #0 - SUBJECT ADDED ENTRY--TOPICAL TERM
Topical term or geographic name entry element Alternative medicine.
650 #0 - SUBJECT ADDED ENTRY--TOPICAL TERM
Topical term or geographic name entry element Alternative medicine
General subdivision Social aspects.
650 #0 - SUBJECT ADDED ENTRY--TOPICAL TERM
Topical term or geographic name entry element Holistic medicine.
650 #2 - SUBJECT ADDED ENTRY--TOPICAL TERM
Topical term or geographic name entry element Holistic Health.
700 1# - ADDED ENTRY--PERSONAL NAME
Personal name Salmon, J. Warren
Fuller form of name (Jack Warren)
942 ## - ADDED ENTRY ELEMENTS (KOHA)
Source of classification or shelving scheme Library of Congress Classification
Koha item type Books
Suppress in OPAC No
999 ## -
-- 2777
-- 2777
Holdings
Withdrawn status Lost status Source of classification or shelving scheme Damaged status Not for loan Collection Home library Current library Shelving location Date acquired Total checkouts Full call number Barcode Date last seen Copy number Price effective from Koha item type
    Library of Congress Classification     Non-fiction Science Library (Miotso) Science Library (Miotso) General stacks 01/22/2025   R733 .A48 ALT SLM00002129 01/22/2025 1 01/22/2025 Books
© 2023-2024 Copyright: Central University Libraries. All Rights Reserved | Created by: Mahone Tech Office